| 000 | 00827nam a22002297a 4500 | ||
|---|---|---|---|
| 999 |
_c175616 _d175616 |
||
| 005 | 20200910163501.0 | ||
| 010 | _aENG-128409 | ||
| 020 |
_c499.00 _a9789390168408 |
||
| 035 | _aEN-111941 | ||
| 037 | _bDBAD/PUB | ||
| 082 | _a650 | ||
| 100 | _aUppal, Nishant | ||
| 245 |
_aHuman Resource Analytics: Strategic Decision Making/ _cby NIshant Uppal |
||
| 260 |
_aNoida _bPearson _c2021 |
||
| 270 |
_a15th floor,Tower-B,Word Trade Tower,Plot no.1,Block-C sec 16, _bNoida _e201301 _k04466540100 _mcompanysecretary.india@pearson.com |
||
| 300 |
_axv;348p. _c23cm(pbk) _bIllustrations |
||
| 500 | _aIncludes References | ||
| 700 | _aSenior Editor- Acquisitions- Varun Goenka | ||
| 700 | _aSenior editor production- G. Sharmilee | ||
| 700 | _aEditor Development- Pratha Bhagowati | ||
| 942 |
_2ddc _cEN _h650 _mUPP |
||